[Event "Managua Bayardo Muniz Memorial 5th"]
[Site "Managua"]
[Date "2023.03.25"]
[Round "7"]
[White "Valle Alonso, Moises Abraham"]
[Black "Aburto Garcia, Jose Luis"]
[Result "0-1"]
[WhiteElo "1838"]
[BlackElo "1750"]
[PlyCount "45"]
[EventDate "2023.03.10"]
[EventType "tourn"]
[EventRounds "9"]
[EventCountry "NCA"]
[SourceTitle "EXT 2024"]
[Source "ChessBase"]
[SourceDate "2023.10.10"]
[SourceVersion "1"]
[SourceVersionDate "2023.10.10"]
[SourceQuality "1"]

1. e4 e6 2. d4 d5 3. Nd2 Nf6 4. e5 Nfd7 5. f4 c5 6. c3 Nc6 7. Ngf3 Qb6 8. Nb3 a5 9. a4 Be7 10. Be2 0-0 11. 0-0 f5 12. exf6 Nxf6 13. Kh1 Ne4 14. c4 cxd4 15. Nfxd4 Nxd4 16. Nxd4 Bc5 17. Be3 Qxb2 18. Rb1 Qa3 19. Rb3 Qxa4 20. cxd5 exd5 21. Bb5 Qa2 22. Qh5 Nf6 23. Qg5 0-1

[Event "Managua Hurtado Memorial op"]
[Site "Managua"]
[Date "2021.12.29"]
[Round "7"]
[White "Aburto Garcia, Jose Luis"]
[Black "Monge Lopez, Jairo Humberto"]
[Result "0-1"]
[WhiteElo "1820"]
[BlackElo "1581"]
[PlyCount "62"]
[EventDate "2021.12.26"]
[EventType "swiss"]
[EventRounds "9"]
[EventCountry "NCA"]
[SourceTitle "CBM 206 Extra"]
[Source "ChessBase"]
[SourceDate "2022.03.31"]
[SourceVersion "1"]
[SourceVersionDate "2022.03.31"]
[SourceQuality "1"]

1. d4 Nf6 2. Bf4 d6 3. Nc3 Bf5 4. f3 e6 5. e4 Bg6 6. h4 h5 7. Nh3 Nh7 8. g3 f6 9. Bd3 Nd7 10. Qd2 a6 11. 0-0-0 Be7 12. Kb1 Bf7 13. Nf2 e5 14. dxe5 Nxe5 15. Bxe5 dxe5 16. f4 Bd6 17. Nd5 c6 18. fxe5 Bxe5 19. Nf4 Qd4 20. c3 Qa4 21. b3 Qa5 22. Bc4 0-0 23. Bxf7+ Rxf7 24. b4 Qa3 25. Rc1 a5 26. N2d3 axb4 27. Nxe5 fxe5 28. Nxh5 b3 29. Ka1 Qc5 30. Qd1 Rxa2+ 31. Kb1 Qa3 0-1

[Event "Managua Hurtado Memorial op"]
[Site "Managua"]
[Date "2021.12.28"]
[Round "5"]
[White "Aburto Garcia, Jose Luis"]
[Black "Quintero, Armando"]
[Result "0-1"]
[WhiteElo "1820"]
[BlackElo "1824"]
[PlyCount "94"]
[EventDate "2021.12.26"]
[EventType "swiss"]
[EventRounds "9"]
[EventCountry "NCA"]
[SourceTitle "CBM 206 Extra"]
[Source "ChessBase"]
[SourceDate "2022.03.31"]
[SourceVersion "1"]
[SourceVersionDate "2022.03.31"]
[SourceQuality "1"]

1. d4 d5 2. Nf3 Nf6 3. Bf4 c6 4. e3 Qb6 5. b3 Bf5 6. Bd3 e6 7. 0-0 Be7 8. Ne5 Nbd7 9. Nc3 Nxe5 10. Bxe5 0-0 11. Ne2 Ne4 12. f3 Nd6 13. Ng3 Bxd3 14. Qxd3 f6 15. Bf4 g5 16. Bxd6 Bxd6 17. c4 Qc7 18. Kf2 b6 19. Rac1 Qe7 20. cxd5 cxd5 21. Rc2 f5 22. Kg1 Rf6 23. Rfc1 Rh6 24. Rc8+ Rxc8 25. Rxc8+ Kg7 26. e4 fxe4 27. fxe4 Qb7 28. Qc2 dxe4 29. Rc6 Qd7 30. Qxe4 Rh4 31. Qf3 Bxg3 32. Qxg3 Qxd4+ 33. Qf2 Qa1+ 34. Qf1 Qe5 35. h3 Re4 36. Rc1 Rf4 37. Qd3 Rf7 38. Rc2 Rc7 39. Re2 Rc1+ 40. Kf2 Qf4+ 41. Qf3 Qh4+ 42. g3 Qxh3 43. Qb7+ Kh6 44. Qg2 Qf5+ 45. Ke3 Qe5+ 46. Kf3 g4+ 47. Kxg4 Qf5+ 0-1

[Event "Managua Hurtado Memorial op"]
[Site "Managua"]
[Date "2021.12.27"]
[Round "2"]
[White "Aburto Garcia, Jose Luis"]
[Black "Castillo Sevilla, Ian Eiffel"]
[Result "0-1"]
[WhiteElo "1820"]
[BlackElo "2032"]
[PlyCount "78"]
[EventDate "2021.12.26"]
[EventType "swiss"]
[EventRounds "9"]
[EventCountry "NCA"]
[SourceTitle "CBM 206 Extra"]
[Source "ChessBase"]
[SourceDate "2022.03.31"]
[SourceVersion "1"]
[SourceVersionDate "2022.03.31"]
[SourceQuality "1"]

1. d4 Nf6 2. Bf4 d5 3. Nf3 c5 4. e3 Nc6 5. Nbd2 Bg4 6. Be2 Qb6 7. h3 Bh5 8. g4 Bg6 9. dxc5 Qxc5 10. c3 e6 11. 0-0 Be7 12. Bc7 Bd8 13. Nb3 Qe7 14. Bh2 Bc7 15. Nbd4 Bxh2+ 16. Kxh2 0-0 17. Bd3 Bxd3 18. Qxd3 e5 19. Nf5 Qc7 20. e4 dxe4 21. Qe3 exf3 22. Qg5 Ne8 23. h4 f6 24. Qe3 Nd6 25. Ng3 e4 26. Rad1 Rad8 27. Qc5 Rfe8 28. Qd5+ Nf7 29. Qc4 e3 30. fxe3 Rxd1 31. Rxd1 Rxe3 32. Qc5 Qe7 33. Qd5 Qe6 34. Nf5 Re2+ 35. Kg3 Qxd5 36. Rxd5 Nfe5 37. b4 f2 38. Kg2 Nxg4 39. b5 Nh2 0-1

[Event "Managua Hurtado Memorial op"]
[Site "Managua"]
[Date "2021.12.26"]
[Round "1"]
[White "Aburto Garcia, Jose Luis"]
[Black "Quintero Obando, Lesber Alexander"]
[Result "1-0"]
[WhiteElo "1820"]
[BlackElo "1415"]
[PlyCount "41"]
[EventDate "2021.12.26"]
[EventType "swiss"]
[EventRounds "9"]
[EventCountry "NCA"]
[SourceTitle "CBM 206 Extra"]
[Source "ChessBase"]
[SourceDate "2022.03.31"]
[SourceVersion "1"]
[SourceVersionDate "2022.03.31"]
[SourceQuality "1"]

1. d4 e5 2. dxe5 Nc6 3. Nf3 Qe7 4. e4 Nxe5 5. Nc3 Nxf3+ 6. Qxf3 Nf6 7. Bc4 Qc5 8. Bb3 Bd6 9. Be3 Qe5 10. 0-0-0 Bb4 11. Nd5 Nxd5 12. Rxd5 Qe7 13. Bd4 0-0 14. c3 Bd6 15. e5 Ba3 16. bxa3 Qxa3+ 17. Kb1 d6 18. exd6 cxd6 19. Bxg7 Be6 20. Bf6 Rfc8 21. Rg5+ 1-0

[Event "Managua Muniz Memorial 3rd"]
[Site "Managua"]
[Date "2021.03.21"]
[Round "6"]
[White "Cabezas Calero, Abigail Carolina"]
[Black "Aburto Garcia, Jose Luis"]
[Result "1/2-1/2"]
[WhiteElo "1382"]
[BlackElo "1752"]
[PlyCount "79"]
[EventDate "2021.03.06"]
[EventType "tourn"]
[EventRounds "9"]
[EventCountry "NCA"]
[SourceTitle "EXT 2022"]
[Source "ChessBase"]
[SourceDate "2021.10.06"]
[SourceVersion "1"]
[SourceVersionDate "2021.10.06"]
[SourceQuality "1"]

1. e4 e6 2. c4 d5 3. exd5 exd5 4. d4 Nf6 5. Nc3 Bb4 6. Nf3 0-0 7. Be2 dxc4 8. 0-0 Bxc3 9. bxc3 Nd5 10. Bxc4 Nc6 11. Qc2 Nce7 12. Ba3 Bf5 13. Qb3 Re8 14. Bxe7 Rxe7 15. Bxd5 c6 16. Bc4 b5 17. Bxb5 cxb5 18. Qxb5 Bd7 19. Qd3 Qa5 20. Qd2 Rc8 21. Rfc1 Be6 22. h3 Rec7 23. c4 Qxd2 24. Nxd2 Bxc4 25. Nxc4 Rxc4 26. Rxc4 Rxc4 27. Rd1 Kf8 28. Rd2 Ke7 29. Kf1 Kd6 30. Ke2 Kd5 31. Ke3 Rc3+ 32. Rd3 Rc2 33. Ra3 Rc7 34. Kd3 g6 35. g4 Rb7 36. Ra5+ Kd6 37. Kc4 Rc7+ 38. Rc5 Rb7 39. Rb5 Rc7+ 40. Kd3 1/2-1/2

[Event "Managua Muniz Memorial 3rd"]
[Site "Managua"]
[Date "2021.03.14"]
[Round "6"]
[White "Aburto, Santiago"]
[Black "Aburto Garcia, Jose Luis"]
[Result "1-0"]
[WhiteElo "1880"]
[BlackElo "1752"]
[PlyCount "89"]
[EventDate "2021.03.06"]
[EventType "tourn"]
[EventRounds "9"]
[EventCountry "NCA"]
[SourceTitle "EXT 2022"]
[Source "ChessBase"]
[SourceDate "2021.10.06"]
[SourceVersion "1"]
[SourceVersionDate "2021.10.06"]
[SourceQuality "1"]

1. Nf3 d5 2. c4 Nf6 3. g3 g6 4. Bg2 Bg7 5. 0-0 0-0 6. cxd5 Nxd5 7. Nc3 c6 8. e4 Nf6 9. d4 Qb6 10. e5 Nd5 11. Bg5 f6 12. Nxd5 cxd5 13. exf6 exf6 14. Bf4 Nc6 15. Re1 Bf5 16. Qb3 Qxb3 17. axb3 g5 18. Bd6 Rfd8 19. Be7 Nxe7 20. Rxe7 Rd7 21. Rxd7 Bxd7 22. Ne1 Be6 23. Nd3 Bf8 24. Ra5 b6 25. Bxd5 bxa5 26. Bxa8 Bxb3 27. Nc5 Bxc5 28. dxc5 Kf8 29. Be4 h6 30. Bf5 Ke7 31. Kf1 Be6 32. Be4 Kd7 33. Ke2 Kc7 34. Kd3 a4 35. Kc3 a5 36. Kd4 Bb3 37. f4 g4 38. Bf5 Bd1 39. h3 h5 40. h4 Bf3 41. Bg6 Kc6 42. Be8+ Kc7 43. Bxh5 Kd7 44. Bf7 Bd1 45. Bd5 1-0